000 00770nab a2200241u 4500
001 17869
003 HDC
007 c| |||a|c|aaaa
008 210224b20140813my ||||| |||| 00| 0 may d
040 _aHDC
100 _aSiti Nur Almizan Aripin /
_eauthor
_917039
245 0 _aCita rasa pelbagai /
_cSiti Nur Almizan Aripin
336 _atext
_2rdacontent
337 _acomputer
_2rdamedia
338 _aonline resource
_2rdacarrier
650 _aJAKIM
_97825
650 _aKorea Food Festival
_917040
710 _aBERITA HARIAN
856 _zRequest full-text at [email protected]
942 _2lcc
942 _cNEWS
942 _kNWSC 005043
999 _c15185
_d15185